Investors Chronicle Hillier Parker rent index (Record no. 91434)

MARC details
000 -LEADER
fixed length control field 00710cam a2200217 4500
008 - FIXED-LENGTH DATA ELEMENTS--GENERAL INFORMATION
fixed length control field 090401t1984 xxu||||| |||| 00| 0 eng d
020 ## - INTERNATIONAL STANDARD BOOK NUMBER
International Standard Book Number 090700430X
035 ## - SYSTEM CONTROL NUMBER
System control number (Sirsi) u44087
041 0# - LANGUAGE CODE
Language code of text/sound track or separate title eng
050 04 - LIBRARY OF CONGRESS CALL NUMBER
Classification number 333.337016 $2 18
110 2# - MAIN ENTRY--CORPORATE NAME
Corporate name or jurisdiction name as entry element Investors Chronicle
9 (RLIN) 2657
245 00 - TITLE STATEMENT
Title Investors Chronicle Hillier Parker rent index
Remainder of title secondary shop rent index
-- August 1984
260 ## - PUBLICATION, DISTRIBUTION, ETC.
Place of publication, distribution, etc. London
Name of publisher, distributor, etc. Hillier Parker May and Rowden
Date of publication, distribution, etc. 1984
300 ## - PHYSICAL DESCRIPTION
Extent (8)p.
Dimensions 30cm.
490 #0 - SERIES STATEMENT
Series statement Hillier Parker May and Rowden Research Report
Volume/sequential designation (6)
651 #4 - SUBJECT ADDED ENTRY--GEOGRAPHIC NAME
Geographic name United Kingdom
Chronological subdivision
690 ## - LOCAL SUBJECT ADDED ENTRY--TOPICAL TERM (OCLC, RLIN)
Topical term or geographic name as entry element PROPERTY-COMMERCIAL PROPERTY-RETAIL PROPERTY
710 2# - ADDED ENTRY--CORPORATE NAME
Corporate name or jurisdiction name as entry element Hillier Parker May and Rowden
9 (RLIN) 2042
942 ## - ADDED ENTRY ELEMENTS (KOHA)
Suppress in OPAC 0
948 ## - LOCAL PROCESSING INFORMATION (OCLC); SERIES PART DESIGNATOR (RLIN)
c (OCLC) 04/03/1997
Holdings
Withdrawn status Lost status Source of classification or shelving scheme Damaged status Not for loan Home library Current library Shelving location Date acquired Total Checkouts Full call number Barcode Date last seen Copy number Price effective from Koha item type
    Dewey Decimal Classification     London London Property market reports 14/09/1999   LIBRARY ANNEXE 30029947 06/08/2019 1 06/08/2019 Book